| 000 | 00661cab a2200193 4500 | ||
|---|---|---|---|
| 001 | ABS38236 | ||
| 008 | 090401t1987 xxu||||| |||| 00| 0 eng d | ||
| 035 | _a(Sirsi) u9421 | ||
| 041 | _aeng | ||
| 100 | _aWebb, C. | ||
| 245 | _aKwik on the draw | ||
| 260 | _c1987 | ||
| 350 | _a0 | ||
| 490 |
_aBuilding _v252(7518) 16 October 1987, 69-70(2) |
||
| 520 | _aDescribes the use of computer aided design in falsework and scaffolding . Relates the experience of GKN Kwikform, which is in the process of installing 20,000 worth of computer equipment in its regional offices. | ||
| 690 | _aBUILDING AND CONSTRUCTION-COMPUTERS | ||
| 942 | _n0 | ||
| 948 | _c04/03/1997 | ||
| 999 |
_c5881 _d5881 |
||